| 000 | 00531nam a22001937a 4500 | ||
|---|---|---|---|
| 003 | OSt | ||
| 005 | 20140310181752.0 | ||
| 008 | 130628t xxu||||| |||| 00| 0 eng d | ||
| 020 | _a9718509852 | ||
| 050 |
_aHC 460 _b.Oc15 1993 |
||
| 082 |
_aFIL 607.1 _bB29i 1993 |
||
| 100 | _aOcampo, Dulce E. | ||
| 245 |
_ahome management and nursing arts 3 and 4. / _cDulce E. Ocampo |
||
| 260 |
_aMakati City : _bBasic Media Systems, Inc, _c1993. |
||
| 300 |
_a100 p. : _c26 cm. |
||
| 562 | _e1 | ||
| 942 |
_2lcc _cBK _kFIL |
||
| 999 |
_c3287 _d3287 |
||